=LDR 00000nam 2200000 4500 =001 INLIS000000000025736 =005 20200810080450 =035 ##$$a 0010-061300000025736 =008 200810################g##########0#ind## =041 ##$$a Ind =082 ##$$a 2X6.76 =090 ##$$a 2X6, Sha s =100 1#$$a Shamad, Irhash =245 1#$$a Serial pelajaran seni kaligrafi islam, /$c Drs. Irhash Shamed =260 ##$$a Padang :$b Angkasa Raya,$c 1995 =300 ##$$a 105 hlm, ilus, : $b Ilus. ; $c 14x20 cm =650 #4$$a Kaligrafi =850 ##$$a NBPNMAT =084 ##$$a 2X6.76 SHA s =250 ##$$a cet.1 =990 ##$$a 00052267 =990 ##$$a 1199500342